Načítá se...
Biodiversity and Conservation
Featuring examples from the UK, Africa and several oceanic islands elsewhere, including dodos and the Udzungwa Forest partridge, this text defines and explains core topics of biodiversity, including creation, natural processes, and measurements and patterns of extant biodiversity.
| Hlavní autor: | |
|---|---|
| Médium: | Printed Book |
| Vydáno: |
London
Routledge
1997
|
| Témata: | |
| On-line přístup: | http://classify.oclc.org/classify2/ClassifyDemo?owi=883066 |
| LEADER | 00873nam a2200169 4500 | ||
|---|---|---|---|
| 999 | |c 155007 |d 155003 | ||
| 020 | |a 9780415149051 | ||
| 082 | |a 333.95 JEF/B | ||
| 100 | |a Jeffries, Mike J |9 67201 | ||
| 245 | |a Biodiversity and Conservation | ||
| 260 | |a London |b Routledge |c 1997 | ||
| 300 | |a 208p. | ||
| 520 | |a Featuring examples from the UK, Africa and several oceanic islands elsewhere, including dodos and the Udzungwa Forest partridge, this text defines and explains core topics of biodiversity, including creation, natural processes, and measurements and patterns of extant biodiversity. | ||
| 650 | |a Biodiversity--- Biodiversity conservation. |9 67202 | ||
| 856 | |u http://classify.oclc.org/classify2/ClassifyDemo?owi=883066 | ||
| 942 | |c BK | ||
| 952 | |0 0 |1 0 |4 0 |6 333_950000000000000_JEF_B |7 0 |9 153538 |a SBS |b SBS |d 2017-11-07 |l 0 |o 333.95 JEF/B |p SBS748 |r 2017-11-07 |w 2017-11-07 |y BK | ||